Series de Disney - Estadísticas

Estadísticas generales
  • Esta prueba ha sido intentada 410 veces
  • La puntuación promedio es 4 de 39
Estadísticas de respuestas
Hint Respuesta % Correcto
- Jessie
75%
- Hannah Montana
56%
- Phineas Y Ferb
34%
- Violetta
34%
- Shake It Up
29%
- Soy Luna
29%
- Campamento Kikiwaka
26%
- Austin & Ally
22%
- Mi perro tiene un blog
21%
- K.C. Agente Especial
16%
- Entre hermanos
15%
- Riley y el mundo
12%
- A.N.T. Farm: Escuela de Talentos
8%
- La Princesa Sofía
6%
- Star contra las Fuerzas del Mal
6%
- Amigas a destiempo
5%
- The Next Step
5%
- Bizaardvark
4%
- Vuelve Raven
4%
- ¡Buena suerte, Charlie!
3%
- Chica Vampiro
3%
- Elena de Avalor
3%
- Los Green en la gran ciudad
3%
- Vampirina
3%
- Andi Mack
2%
- Doctora Juguetes
2%
- Enredados
2%
- La ley de Milo Murphy
2%
- Patoaventuras
2%
- Anfibilandia
1%
- Club Houdini
1%
- Coop y Cami
1%
- Little Einsteins
1%
- PJ Masks
1%
- Campamento Lakebottom
0%
- Chicostra
0%
- Henry Monstruito
0%
- Jake y los piratas de Nunca Jamás
0%
- Manny manitas
0%
No se encontraron pruebas coincidentes
Distribución de puntuación
Porcentaje de gente con cada puntuación
Porcentaje por número respondido
Historial de tus puntuaciones
No has intentado esta prueba.